|
|
|
|
| LEADER |
02303nam a2200493 4500 |
| 001 |
978-3-540-68344-5 |
| 003 |
DE-He213 |
| 005 |
20191024151043.0 |
| 007 |
cr nn 008mamaa |
| 008 |
121227s1997 gw | s |||| 0|eng d |
| 020 |
|
|
|a 9783540683445
|9 978-3-540-68344-5
|
| 024 |
7 |
|
|a 10.1007/BFb0109327
|2 doi
|
| 040 |
|
|
|d GrThAP
|
| 050 |
|
4 |
|a QC793-793.5
|
| 050 |
|
4 |
|a QC174.45-174.52
|
| 072 |
|
7 |
|a PHQ
|2 bicssc
|
| 072 |
|
7 |
|a SCI051000
|2 bisacsh
|
| 072 |
|
7 |
|a PHQ
|2 thema
|
| 082 |
0 |
4 |
|a 539.72
|2 23
|
| 100 |
1 |
|
|a Erdmann, Martin.
|e author.
|4 aut
|4 http://id.loc.gov/vocabulary/relators/aut
|
| 245 |
1 |
4 |
|a The Partonic Structure of the Photon
|h [electronic resource] :
|b Photoproduction at the Lepton-Proton Collider HERA /
|c by Martin Erdmann.
|
| 250 |
|
|
|a 1st ed. 1997.
|
| 264 |
|
1 |
|a Berlin, Heidelberg :
|b Springer Berlin Heidelberg :
|b Imprint: Springer,
|c 1997.
|
| 300 |
|
|
|a X, 115 p. 23 illus.
|b online resource.
|
| 336 |
|
|
|a text
|b txt
|2 rdacontent
|
| 337 |
|
|
|a computer
|b c
|2 rdamedia
|
| 338 |
|
|
|a online resource
|b cr
|2 rdacarrier
|
| 347 |
|
|
|a text file
|b PDF
|2 rda
|
| 490 |
1 |
|
|a Springer Tracts in Modern Physics,
|x 0081-3869 ;
|v 138
|
| 505 |
0 |
|
|a Predictions for hard photon interactions -- Two-? physics: Deep inelastic lepton-photon scattering -- Photon-proton interactions at HERA -- Status and future.
|
| 520 |
|
|
|a The knowledge of the interactions of photons with hadrons has considerably improved with the study of high-energy lepton-proton collisions at HERA. The results on the partonic interactions of photons are summarized in comparison with photon-nucleon, two-photon, and proton-antiproton experiments.
|
| 650 |
|
0 |
|a Elementary particles (Physics).
|
| 650 |
|
0 |
|a Quantum field theory.
|
| 650 |
1 |
4 |
|a Elementary Particles, Quantum Field Theory.
|0 http://scigraph.springernature.com/things/product-market-codes/P23029
|
| 710 |
2 |
|
|a SpringerLink (Online service)
|
| 773 |
0 |
|
|t Springer eBooks
|
| 776 |
0 |
8 |
|i Printed edition:
|z 9783662148075
|
| 776 |
0 |
8 |
|i Printed edition:
|z 9783662148068
|
| 776 |
0 |
8 |
|i Printed edition:
|z 9783540626213
|
| 830 |
|
0 |
|a Springer Tracts in Modern Physics,
|x 0081-3869 ;
|v 138
|
| 856 |
4 |
0 |
|u https://doi.org/10.1007/BFb0109327
|z Full Text via HEAL-Link
|
| 912 |
|
|
|a ZDB-2-PHA
|
| 912 |
|
|
|a ZDB-2-BAE
|
| 950 |
|
|
|a Physics and Astronomy (Springer-11651)
|